| 000 | 00554nam a2200181 a 4500 | ||
|---|---|---|---|
| 005 | 20140311163002.0 | ||
| 008 | 020820s19uu xx 00 eng d | ||
| 020 | _a0809227916 | ||
| 050 |
_aHD 66 _b.Sk577 1998 |
||
| 100 | _aSkopec, Eric W. | ||
| 245 |
_aHow to use team building to foster innovation : _cEric W. Skopec. _bthroughout your organization / |
||
| 260 |
_aUSA : _bContemporary Publishing Group Inc., _c1998. |
||
| 300 |
_a179 p. : _c23 cm. |
||
| 521 | _aBSBA | ||
| 650 | _aTeams in the workplace | ||
| 942 |
_cBK _2lcc _kFOR |
||
| 999 |
_c39218 _d39218 |
||